|
|
|
|
| LEADER |
00000nam0a2200000 4500 |
| 001 |
48091 |
| 005 |
20231031031305.0 |
| 035 |
|
|
|a (RuTPU)RU\TPU\book\50304
|
| 090 |
|
|
|a 48091
|
| 100 |
|
|
|a 20030304d1967 m y0rusy50 ca
|
| 101 |
0 |
|
|a rus
|
| 102 |
|
|
|a RU
|
| 105 |
|
|
|a a j 001zy
|
| 200 |
1 |
|
|a Электронные и полупроводниковые устройства следящего привода
|e учебник
|f В. А. Андрющенко, В. С. Ломов
|g Под ред. В. С. Ломова
|
| 210 |
|
|
|a Москва
|c Машиностроение
|d 1967
|
| 215 |
|
|
|a 464 с.
|c ил.
|
| 320 |
|
|
|a Библиогр.: с. 461-462.
|
| 516 |
1 |
|
|a Электронные устройства следящего привода
|
| 610 |
1 |
|
|a электроприводы
|
| 610 |
1 |
|
|a следящие системы
|
| 610 |
1 |
|
|a следящий электропривод
|
| 610 |
1 |
|
|a электронные устройства
|
| 610 |
1 |
|
|a полупроводниковые элементы
|
| 610 |
1 |
|
|a усилительные устройства
|
| 610 |
1 |
|
|a транзисторные усилители
|
| 610 |
1 |
|
|a схемы
|
| 610 |
1 |
|
|a межкаскадные связи
|
| 610 |
1 |
|
|a преобразовательные устройства
|
| 610 |
1 |
|
|a учебники
|
| 675 |
|
|
|a 621.014(075.8)
|v 3
|
| 675 |
|
|
|a 621.34.07(075.8)
|v 3
|
| 700 |
|
1 |
|a Андрющенко
|b В. А.
|g Владимир Ануфриевич
|
| 701 |
|
1 |
|a Ломов
|b В. С.
|g Владимир Степанович
|
| 702 |
|
1 |
|a Ломов
|b В. С.
|g Владимир Степанович
|4 340
|
| 801 |
|
1 |
|a RU
|b 63413507
|c 20030304
|g PSBO
|
| 801 |
|
2 |
|a RU
|b 63413507
|c 20211207
|g PSBO
|
| 900 |
|
|
|a Электронные устройства систем управления летательных а
|
| 942 |
|
|
|c BK
|